Image podnikov.

Prostriedky marketingovej stratégie firmy. Definícia pojmu image podniku. Nástroje tvorby image podniku: systém public relations, reklama, jednotný vizuálny štýl, záruka na výrobky.

Na minha lista:
Detalhes bibliográficos
Autor principal: Marčičiaková, Ľ.
Formato: Capítulo de Livro
Idioma:eslovaco
Assuntos:
Tags: Adicionar Tag
Sem tags, seja o primeiro a adicionar uma tag!

MARC

LEADER 00000naa a2200000 4500
001 r008774
005 20220831090038.2
041 0 |a slo 
044 |a [CS] 
245 1 0 |a Image podnikov.  |c Ľ. Marčičiaková 
520 |a Prostriedky marketingovej stratégie firmy. Definícia pojmu image podniku. Nástroje tvorby image podniku: systém public relations, reklama, jednotný vizuálny štýl, záruka na výrobky. 
610 2 0 |a imidž 
610 2 0 |a podnik 
610 2 0 |a marketing 
610 2 0 |a práca s verejnosťou 
610 2 0 |a reklama 
610 2 0 |a dizajn 
610 2 0 |a záruka 
100 1 |a Marčičiaková, Ľ.